80 largest cities worldwide by population - Statistics

General Stats
  • This quiz has been taken 28 times
    17 since last reset
  • The average score is 47 of 80
Answer Stats
# Population in mio. Answer % Correct
3 32 Delhi
100%
1 37 Tokyo
100%
17 18 Beijing
93%
37 11 London
93%
65 6 Madrid
93%
20 17 Moscow
93%
38 11 Paris
93%
7 24 Shanghai
93%
4 26 Guangzhou
87%
22 16 Lagos
87%
24 15 Los Angeles
87%
10 21 Mexico City
87%
5 24 Mumbai
87%
12 21 New York City
87%
18 18 Bangkok
80%
21 16 Buenos Aires
80%
28 14 Istanbul
80%
42 10 Lima
80%
67 6 Miami
80%
26 15 Osaka
80%
31 12 Rio de Janeiro
80%
75 5 Saint Petersburg
80%
29 14 Tehran
80%
80 4 Berlin
73%
43 10 Bogota
73%
59 6 Dallas
73%
2 33 Jakarta
73%
8 23 Sao Paulo
73%
61 6 Toronto
73%
14 20 Cairo
67%
25 15 Ho Chi Minh City
67%
56 7 Hong Kong
67%
63 6 Houston
67%
30 12 Kinshasa
67%
11 21 Kolkata
67%
48 8 Kuala Lumpur
67%
70 5 Philadelphia
67%
57 7 Riyadh
67%
32 12 Wuhan
67%
73 5 Addis Ababa
60%
66 6 Baghdad
60%
46 9 Chicago
60%
27 14 Johannesburg
60%
58 7 Santiago
60%
9 23 Seoul
60%
69 5 Singapore
60%
74 5 Atlanta
53%
36 12 Chongqing
53%
16 19 Dhaka
53%
72 5 Guadalajara
53%
71 5 Nairobi
53%
19 17 Shenzhen
53%
55 7 Washington
53%
78 4 Alexandria
47%
76 5 Belo Horizonte
47%
23 15 Bengaluru
47%
35 12 Lahore
47%
34 12 Xi'an
47%
13 20 Chengdu
40%
33 12 Chennai
40%
53 7 Dar es Salaam
40%
40 10 Hyderabad
40%
15 20 Karachi
40%
6 24 Manila
40%
41 10 Tianjin
40%
47 9 Luanda
33%
45 9 Nagoya
33%
51 8 Ahmedabad
27%
54 7 Khartoum
27%
49 8 Nanjing
27%
44 9 Hangzhou
20%
50 8 Pune
20%
52 7 Shenyang
20%
79 4 Dalian
13%
64 6 Qingdao
13%
62 6 Surat
13%
68 6 Suzhou
13%
60 6 Yangon
13%
77 4 Barcalona
7%
39 10 Dongguan
7%
No matching quizzes found
Score Distribution
Percent of People with Each Score
Percentile by Number Answered
Your Score History
You have not taken this quiz since the last reset